New directions in statistical signal processing : from systems to brain

Αποθηκεύτηκε σε:
Λεπτομέρειες βιβλιογραφικής εγγραφής
Άλλοι συγγραφείς: Haykin, Simon S. 1931- (Επιμελητής έκδοσης)
Μορφή: Βιβλίο
Γλώσσα:English
Δημοσίευση: Cambridge, Mass : MIT Press, 2007
Σειρά:Neural information processing series
Θέματα:
Ετικέτες: Προσθήκη ετικέτας
Δεν υπάρχουν, Καταχωρήστε ετικέτα πρώτοι!

MARC

LEADER 00000nam a2200000 i 4500
001 1/47081
008 070629s2007 eng d
020 |a 978-0-262-08348-5 (cloth: alk. paper) 
020 |a 0-262-08348-5 (cloth: alk. paper) 
035 |l 10088546 
040 |a GR-MY-UA  |b gre  |e aacr 
041 0 |a eng 
082 0 |a 612.82  |2 (22) 
245 1 0 |a New directions in statistical signal processing :  |b from systems to brain /  |c edited by Simon Haykin ... [et al.] 
260 |a Cambridge, Mass :   |b MIT Press,   |c 2007 
300 |a vi, 514 σ.;  |b διαγρ., εικ.;  |c 27 εκ. 
490 1 |a Neural Information Processing Series 
504 |a Βιβλιογραφία: σ. [465]-508 
504 |a Περιέχει ευρετήριο 
650 0 0 |a Neural networks (Computer science) 
650 0 0 |a Neural networks (Neurobiology) 
650 0 0 |a Signal processing  |x Statistical methods. 
650 0 0 |a Neural computers. 
700 1 |a Haykin, Simon S.  |d 1931-  |4 edt 
830 0 |a Neural information processing series 
852 |a INST  |b LESVOS  |e 20070629  |h 612.82 NEW  |p 005100037884  |q 005100037884  |t BK  |y 0 
901 |a BIBL1-2007-2 
909 |a Λ  |b 135430 
922 |a 1ΕΛΗ  |b 200706  |c ΕΠΕΑΕΚ2/ΤΓ  |d ΠΑΠΑΣΩΤΗΡΙΟΥ 
970 |a ΒΑΡΚΑ  |b ΕΛΕΥΘΕΡΙΑ  |z 2007/06/29